000 00726nam a2200289Ia 4500
005 20260324120105.0
008 008 260324s9999 xx 000 0 eng d
020 _a9781315770970
037 _aEBOOK
040 _aCRL
040 _beng
040 _cCRL
041 _2eng
041 _aeng
084 _qCRL
100 _aJan-Oddvar Sornes; Larry Browning; Jan Terje Henriksen
_91157197
245 0 _aCulture, Development and Petroleum
245 3 _bAn Ethnography of the High North
260 _bTaylor and Francis
260 _c2015
365 _a
365 _b265
856 _uhttp://www.taylorfrancis.com/books/9781315770970
942 _cEBOOK
999 _c1748525
_d1748525